Rural development : (Record no. 35266)
[ view plain ]
| 000 -LEADER | |
|---|---|
| fixed length control field | 00913nam a2200277 a 4500 |
| 001 - CONTROL NUMBER | |
| control field | 35266 |
| 003 - CONTROL NUMBER IDENTIFIER | |
| rucl marc code | BD-RjUL |
| 005 - DATE AND TIME OF LATEST TRANSACTION | |
| control field | 20211209052305.0 |
| 008 - FIXED-LENGTH DATA ELEMENTS--GENERAL INFORMATION | |
| fixed length control field | 140522r20051999ii a b 001 0 eng d |
| 020 ## - INTERNATIONAL STANDARD BOOK NUMBER | |
| International Standard Book Number | 0761993088 (c) |
| International Standard Book Number | 0761993096 (pbk. ) |
| 035 ## - SYSTEM CONTROL NUMBER | |
| System control number | (BD-RjUL)35360 |
| 040 ## - CATALOGING SOURCE | |
| Original cataloging agency | DLC |
| Transcribing agency | DLC |
| Modifying agency | DLC |
| -- | BD-RjUL |
| Language of cataloging | eng |
| 041 ## - LANGUAGE CODE | |
| Language code of text/sound track or separate title | eng |
| 082 00 - DEWEY DECIMAL CLASSIFICATION NUMBER | |
| Classification number | 307.1412 |
| Edition number | 21 |
| Author mark and year | SIR 2005 |
| 100 1# - MAIN ENTRY--PERSONAL NAME | |
| Personal name | Singh, Katar, |
| Dates associated with a name | 1939- |
| 9 (RLIN) | 103808 |
| 245 10 - TITLE STATEMENT | |
| Title | Rural development : |
| Remainder of title | principles, policies, and management / |
| Statement of responsibility, etc. | by Katar Singh. |
| 250 ## - EDITION STATEMENT | |
| Edition statement | 2nd ed. |
| 260 ## - PUBLICATION, DISTRIBUTION, ETC. (IMPRINT) | |
| Place of publication, distribution, etc. | New Delhi ; |
| -- | Thousand Oaks, Calif. : |
| Name of publisher, distributor, etc. | Sage, |
| Date of publication, distribution, etc. | 1999 [reprinted 2005]. |
| 300 ## - PHYSICAL DESCRIPTION | |
| Pagination | 353 p. : |
| Illustrations | ill. ; |
| Size | 22 cm. |
| 504 ## - BIBLIOGRAPHY, ETC. NOTE | |
| Bibliography, etc | Includes bibliographical references (p. [336]-344) and index. |
| 650 #0 - SUBJECT ADDED ENTRY--TOPICAL TERM | |
| Topical term or geographic name as entry element | Rural development. |
| 9 (RLIN) | 107444 |
| Topical term or geographic name as entry element | Rural development projects |
| Geographic subdivision | India |
| General subdivision | Case studies. |
| 9 (RLIN) | 13395 |
| 942 ## - ADDED ENTRY ELEMENTS (KOHA) | |
| Source of classification or shelving scheme | Dewey Decimal Classification |
| Koha item type | Books |
| Lost status | Source of classification or shelving scheme | Damaged status | Not for loan | Collection code | Permanent Location | Current Location | Shelving location | Date acquired | Source of acquisition | Cost, normal purchase price | Total Checkouts | Full call number | Date last seen | Copy number | Koha item type | Date checked out |
|---|---|---|---|---|---|---|---|---|---|---|---|---|---|---|---|---|
| Dewey Decimal Classification | Non-fiction | Central Library, University of Rajshahi | Central Library, University of Rajshahi | 26/02/2006 | Paragon Enterprise, Dhaka. | 300.00 | 307.1412 SIR 2005 | 22/05/2014 | C-2 | Books | ||||||
| Dewey Decimal Classification | Non-fiction | Central Library, University of Rajshahi | Central Library, University of Rajshahi | 12/04/2006 | Paragon Enterprise, Dhaka. | 300.00 | 307.1412 SIR 2005 | 22/05/2014 | C-4 | Books | ||||||
| Dewey Decimal Classification | Non-fiction | Central Library, University of Rajshahi | Central Library, University of Rajshahi | 12/04/2006 | Paragon Enterprise, Dhaka. | 300.00 | 307.1412 SIR 2005 | 22/05/2014 | C-5 | Books | ||||||
| Dewey Decimal Classification | Non-fiction | Central Library, University of Rajshahi | Central Library, University of Rajshahi | 26/02/2006 | 300.00 | 1 | 307.1412 SIR 2005 | 20/02/2023 | C-3 | Books | 08/02/2023 | |||||
| Dewey Decimal Classification | Not For Loan | Non-fiction | Central Library, University of Rajshahi | Central Library, University of Rajshahi | Reading Room | 07/08/2002 | Dhaka,Paragon Enterprise Lit., | 353.00 | 307.1412 SIR 2005 | 10/12/2016 | C-1 | Books | ||||
| Dewey Decimal Classification | Non-fiction | Central Library, University of Rajshahi | Central Library, University of Rajshahi | 300.00 | 307.1412 SIR 2005 | 21/12/2016 | C-6 | Books |